00514cam a2200193 a 4500001000800000005001700008008004100025010001700066020002500083040001800108041000800126043001200134080001400146082002100160100000700181101000800188245005800196504006600254487116420180302042333.0921215s1993 nyua b 001 0 eng  a 92045682  a0195084055 :c$27.50 aDLCcDLCdDLC aeng ae-uk-en a305.2309 00a305.2309 HAN2201 a50 aSOC10aGrowing up in medieval London :cBarbara A. Hanawalt. aIncludes bibliographical references (p. [267]-279) and index.